Orígenes del Reino de León y de sus instituciones políticas / (Record no. 172599)
[ view plain ]
| 000 -LEADER | |
|---|---|
| campo de control de longitud fija | 01411nas a2200313 i 4500 |
| 001 - NÚMERO DE CONTROL | |
| campo de control | 172599 |
| 003 - IDENTIFICADOR DE NÚMERO DE CONTROL | |
| campo de control | ES-MaACL |
| 005 - FECHA Y HORA DE LA ÚLTIMA TRANSACCIÓN | |
| campo de control | 20240428063051.0 |
| 008 - DATOS DE LONGITUD FIJA--INFORMACIÓN GENERAL | |
| campo de control de longitud fija | 090724c1926 sp a| | 1 ||pa d |
| 080 ## - NÚMERO DE LA CLASIFICACIÓN DECIMAL UNIVERSAL | |
| Número de la Clasificación Decimal Universal | 342.5(460.18-89)"09/11" |
| 080 ## - NÚMERO DE LA CLASIFICACIÓN DECIMAL UNIVERSAL | |
| Número de la Clasificación Decimal Universal | 94(460.18-89)"09/11" |
| 100 1# - ENTRADA PRINCIPAL--NOMBRE DE PERSONA | |
| Nombre de persona | Puyol y Alonso, Julio, |
| Fechas asociadas al nombre | 1865-1937 |
| 9 (RLIN) | 94454 |
| 245 10 - MENCIÓN DEL TÍTULO | |
| Título | Orígenes del Reino de León y de sus instituciones políticas / |
| Mención de responsabilidad, etc. | por Julio Puyol. |
| 260 ## - PUBLICACIÓN, DISTRIBUCIÓN, ETC. | |
| Lugar de publicación, distribución, etc. | Madrid : |
| Nombre del editor, distribuidor, etc. | [s. n.], |
| Fecha de publicación, distribución, etc. | 1926 ( |
| Fabricante | Imp. Viuda e Hijos de Jaime Ratés Martín) |
| 300 ## - DESCRIPCIÓN FÍSICA | |
| Extensión | XVI, 551 p. ; |
| Dimensiones | 26 cm. |
| 490 1# - MENCIÓN DE SERIE | |
| Mención de serie | Memorias de la Real Academia de Ciencias Morales y Políticas ; |
| Designación de volumen o secuencia | 12 |
| 500 ## - NOTA GENERAL | |
| Nota general | Apéndices. |
| 504 ## - NOTA DE BIBLIOGRAFÍA, ETC. | |
| Nota de bibliografía, etc. | Referencias bibliográficas. |
| 530 ## - NOTA DISPONIBLE DE FORMULARIO FÍSICO ADICIONAL | |
| Nota de formato físico adicional disponible | Disponible en formato digital. |
| 594 ## - Nota al título y mención de responsabilidad | |
| Nota al título y mención de responsabilidad | Precede al tít.: Real Academia de Ciencias Morales y Políticas. |
| 650 #4 - PUNTO DE ACCESO ADICIONAL DE MATERIA--TÉRMINO DE MATERIA | |
| Término de materia o nombre geográfico como elemento de entrada | Instituciones políticas- |
| Subdivisión geográfica | León (Reino) |
| 9 (RLIN) | 143454 |
| 651 #4 - PUNTO DE ACCESO ADICIONAL DE MATERIA--NOMBRE GEOGRÁFICO | |
| Nombre geográfico | León (Reino)- |
| Subdivisión general | Historia. |
| 9 (RLIN) | 8916 |
| 710 2# - ENTRADA AGREGADA--NOMBRE DE ENTIDAD CORPORATIVA | |
| Nombre de entidad corporativa o nombre de jurisdicción como elemento de entrada | Real Academia de Ciencias Morales y Políticas (España) |
| 9 (RLIN) | 222050 |
| 830 1# - PUNTO DE ACCESO ADICIONAL DE SERIE-TÍTULO UNIFORME | |
| Título uniforme | Memorias de la Real Academia de Ciencias Morales y Políticas |
| Designación de volumen o secuencia | 12 |
| 9 (RLIN) | 223379 |
| 852 4# - LOCALIZACIÓN | |
| Ubicación | ES-MaACL |
| Número de control de estantería | K-182 |
| 856 4# - LOCALIZACIÓN Y ACCESO ELECTRÓNICOS | |
| Identificador Uniforme de Recursos | <a href="http://bdh-rd.bne.es/viewer.vm?id=0000227392&page=1 ">http://bdh-rd.bne.es/viewer.vm?id=0000227392&page=1 </a> |
| Nota pública | Biblioteca Digital Hispánica |
| 856 4# - LOCALIZACIÓN Y ACCESO ELECTRÓNICOS | |
| Identificador Uniforme de Recursos | <a href="https://bibliotecadigital.jcyl.es/es/consulta/registro.do?id=2929">https://bibliotecadigital.jcyl.es/es/consulta/registro.do?id=2929</a> |
| Nota pública | Biblioteca Digital de Castilla y León |
| Estatus retirado | Estado de pérdida | Estado de daño | No para préstamo | Colección | Biblioteca de origen | Biblioteca actual | Ubicación en estantería | Fecha de adquisición | Total de préstamos | Signatura topográfica completa | Código de barras | Visto por última vez | Precio de reemplazo | Tipo de ítem Koha |
|---|---|---|---|---|---|---|---|---|---|---|---|---|---|---|
| Colección digital | Biblioteca del Ateneo de Madrid | Biblioteca del Ateneo de Madrid | Administración | 24/07/2009 | K-182 | 1181128 | 23/02/2023 | 23/02/2023 | Revista |
